<?xml version="1.0" encoding="UTF-8"?><?xml-stylesheet type="text/xsl" href="static/style.xsl"?><OAI-PMH xmlns="http://www.openarchives.org/OAI/2.0/" xmlns:xsi="http://www.w3.org/2001/XMLSchema-instance" xsi:schemaLocation="http://www.openarchives.org/OAI/2.0/ http://www.openarchives.org/OAI/2.0/OAI-PMH.xsd"><responseDate>2026-06-01T12:18:19Z</responseDate><request verb="GetRecord" identifier="oai:riuma.uma.es:10630/11623" metadataPrefix="marc">https://riuma.uma.es/rest/oai/request</request><GetRecord><record><header><identifier>oai:riuma.uma.es:10630/11623</identifier><datestamp>2026-02-03T10:24:10Z</datestamp><setSpec>com_10630_1685</setSpec><setSpec>col_10630_38055</setSpec></header><metadata><record xmlns="http://www.loc.gov/MARC21/slim" xmlns:dcterms="http://purl.org/dc/terms/" xmlns:doc="http://www.lyncode.com/xoai" xmlns:xsi="http://www.w3.org/2001/XMLSchema-instance" xsi:schemaLocation="http://www.loc.gov/MARC21/slim http://www.loc.gov/standards/marcxml/schema/MARC21slim.xsd">
   <leader>00925njm 22002777a 4500</leader>
   <datafield ind2=" " ind1=" " tag="042">
      <subfield code="a">dc</subfield>
   </datafield>
   <datafield ind2=" " ind1=" " tag="720">
      <subfield code="a">Molina Olivares, Antonio</subfield>
      <subfield code="e">author</subfield>
   </datafield>
   <datafield ind2=" " ind1=" " tag="260">
      <subfield code="c">2016-06-10</subfield>
   </datafield>
   <datafield ind2=" " ind1=" " tag="520">
      <subfield code="a">El proceso de desarrollo de software define una secuencia de actividades que se aplican en la creación de un producto o aplicación&#xd;
de tipo software.Entre las actividades que se pueden realizar dentro del ciclo de vida del desarrollo software destacamos algunas como pueden ser la captura de requisitos, el análisis, el diseño, la implementación, las pruebas, la documentación, el despliegue o el mantenimiento.&#xd;
En este trabajo fin de grado se propone desarrollar una aplicación web desde sus primeras etapas hasta las últimas, indicando como aplica cada una de ellas al ejemplo de un proyecto real. &#xd;
Para nuestro caso,el desarrollo de software consistirá en la creación de una aplicación web para una clínica podológica, en la que vamos a tener un cliente, en este caso el propietario de la clínica, que demanda funcionalidades y que necesita que el software cumpla con sus necesidades. Dicha página Web servirá para promocionar los servicios de la clínica, mostrar una galería de fotos, tendrá un formulario de contacto, gran cantidad de páginas de información, un mapa de geo-­ localización para mostrar la ubicación, menús de navegación, mapa web, buscador y otras funcionalidades más típicas de cualquier página Web. Además, la aplicación deberá cumplir ciertos requisitos de usabilidad así como ser navegable en dispositivos móviles, responsivo. La creación de la aplicación se hará con el sistema gestor de contenidos Drupal, una herramienta muy utilizada actualmente para crear y gestionar aplicaciones Web y con la que podremos implementar todas las funcionalidades demandadas por nuestro cliente.</subfield>
   </datafield>
   <datafield ind1="8" ind2=" " tag="024">
      <subfield code="a">http://hdl.handle.net/10630/11623</subfield>
   </datafield>
   <datafield tag="653" ind2=" " ind1=" ">
      <subfield code="a">Grado en Ingeniería del Software - Trabajos Fin de Grado</subfield>
   </datafield>
   <datafield tag="653" ind2=" " ind1=" ">
      <subfield code="a">Informática - Trabajos Fin de Grado</subfield>
   </datafield>
   <datafield tag="653" ind2=" " ind1=" ">
      <subfield code="a">Clínicas podológicas - Proceso de datos</subfield>
   </datafield>
   <datafield tag="653" ind2=" " ind1=" ">
      <subfield code="a">Soporte lógico libre</subfield>
   </datafield>
   <datafield ind2="0" ind1="0" tag="245">
      <subfield code="a">Implementación de una aplicación web usando el sistema gestor de contenidos drupal</subfield>
   </datafield>
</record>
</metadata></record></GetRecord></OAI-PMH>